Беглые в Новороссии (Запис № 337945)

МАРК-запис
000 -Лідер
fixed length control field 00609nam a22002297a 4500
003 - Ідентифікатор контрольного номера
control field UA-OsUOA
001 - Контрольний номер
control field 51870
007 - Фіксоване поле фізичного опису
fixed length control field ta
008 - Елементи даних фіксованої довжини – загальна інформація
fixed length control field 20080123b un ||||| |||| 00| 0 ukr d
090 ## - Локальний шифр розміщення
Класифікаційний індекс УДК 821.161.1
Авторський знак (НП) Д18
040 ## - Джерело каталогізації
Агенція оригінальної каталогізації UA-OsUOA
Мова каталогізації rus
Агенція, яка здійснювала перезапис UA-OsUOA
Агенція, яка здійснювала модифікацію UA-OsUOA
041 ## - Код мови
Код мови тексту/ звукової доріжки чи окремого заголовка (П) rus
080 ## - Індекс Універсальної десяткової класифікації
Індекс Універсальної десяткової класифікації (УДК) (НП) 821.161.1
100 ## - Основне введення – ім’я особи
Ім’я особи (НП) Данилевский Г.
245 ## - Відомості про назву
Назва (НП) Беглые в Новороссии
Решта назви (НП) Романы
260 ## - Публікація, розповсюдження і т.п. (Вихідні дані)
Місце публікації, розповсюдження і т.п. (П) К.
Ім’я/ наймення видавництва, розповсюджувача і т.п. (П) Дніпро
Дата публікації, розповсюдження і т.п. (П) 1988
300 ## - Фізичний опис
Обсяг 478 с.
650 #7 - Додаткове предметне введення – тематичний термін
Тематичний термін чи географічна назва, як елемент введення (НП) 82 Література. Літературознавство
Джерело заголовка чи терміна UDC
942 ## - Додаткові елементи входу (Коха)
Тип елемента Koha Книги
955 ## - Код типу видання за змістом
Код типу видання за змістом (НП) Літературно-художні видання
Фонди
Стан вилучень Стан втрат Джерело класифікації або схеми стелажів Стан уражень Не для кредиту Постійне місце розташування Поточне розміщення Дата придбання Інвентарний номер Усього замовленно Повний номер виклику Штрих-код Дата останнього перегляду Ціна ефективна від Тип елемента Koha Джерело придбання Вартість, звичайна ціна покупки
    Universal Decimal Classification     АБ - Абонемент НБ АБ - Абонемент НБ 19/02/2013 10338   821.161.1 Д18 10338 14/04/2022 23/01/2008 Книги    
    Universal Decimal Classification     АБ - Абонемент НБ АБ - Абонемент НБ 23/01/2008 110488   821.161.1 Д18 110488 14/04/2022 23/01/2008 Книги 9 4.00
    Universal Decimal Classification     АБ - Абонемент НБ АБ - Абонемент НБ 19/02/2013 30968   821.161.1 Д18 30968 15/04/2022 23/01/2008 Книги    
    Universal Decimal Classification     АБ - Абонемент НБ АБ - Абонемент НБ 19/02/2013 35082   821.161.1 Д18 35082 15/04/2022 23/01/2008 Книги    
    Universal Decimal Classification     АБ - Абонемент НБ АБ - Абонемент НБ 19/02/2013 36601   821.161.1 Д18 36601 15/04/2022 23/01/2008 Книги    
    Universal Decimal Classification     АБ - Абонемент НБ АБ - Абонемент НБ 19/02/2013 36667   821.161.1 Д18 36667 15/04/2022 23/01/2008 Книги    
    Universal Decimal Classification     АБ - Абонемент НБ АБ - Абонемент НБ 19/02/2013 43028   821.161.1 Д18 43028 15/04/2022 23/01/2008 Книги    
    Universal Decimal Classification     АБ - Абонемент НБ АБ - Абонемент НБ 19/02/2013 43287   821.161.1 Д18 43287 15/04/2022 23/01/2008 Книги